000 00600nam a22001577a 4500
008 161026b xxu||||| |||| 00| 0 eng d
020 _a0814154964
050 _aLB 1576 .T68 1991
100 _aKiefer, Barbara
245 _aTowards a Whole Language Classroom:
_barticles from language arts,1986-89/
_cBarbara Kiefer
260 _aUrbana, Illinois:
_bNational Council of Teachers of English,
_c1991
300 _av, 70p. :
_bill. ;
500 _aIncludes references.
650 _aLanguage experience approach in education.
_zUnited States.
942 _2lcc
_cBOOKS
_hLB 1576 .T68 1991
999 _c15117
_d15117